טוען...
The winning solution to Rubik's Revenge : [ U.S. National champion of the Rubik's Cube-A-Thon with Herbert Taylor & M. Razid Black] /
Shows how to solve this cubic puzzle that has an array of sixteen squares on each side, and includes diagrams of interesting patterns that can be made with the cube
| מחבר ראשי: | |
|---|---|
| מחבר תאגידי: | |
| פורמט: | Printed Book |
| שפה: | English |
| יצא לאור: |
Wayne, Pa. :
Banbury Books,
c1982.
|
| סדרה: | A Banbury Book
Dell/Banbury |
| נושאים: |
| LEADER | 01319cam a22003133a 4500 | ||
|---|---|---|---|
| 008 | 820527s1982 paua 000 0 eng d | ||
| 010 | |a 2009389467 | ||
| 020 | |a 0440075009 (pbk.) | ||
| 020 | |a 9780440075004 (pbk.) | ||
| 035 | |a (OCoLC)ocn123103213 | ||
| 035 | |a (OCoLC)123103213 | ||
| 042 | |a lccopycat | ||
| 100 | 1 | |a Thai, Minh. | |
| 245 | 1 | 4 | |a The winning solution to Rubik's Revenge : |b [ U.S. National champion of the Rubik's Cube-A-Thon with Herbert Taylor & M. Razid Black] / |c by Minh Thai. |
| 260 | |a Wayne, Pa. : |b Banbury Books, |c c1982. | ||
| 300 | |a 73 p. : |b ill. (some col.) ; |c 18 cm. | ||
| 490 | 0 | |a A Banbury Book | |
| 490 | 0 | |a Dell/Banbury | |
| 520 | |a Shows how to solve this cubic puzzle that has an array of sixteen squares on each side, and includes diagrams of interesting patterns that can be made with the cube | ||
| 650 | 0 | |a Rubik's Revenge. | |
| 650 | 0 | |a Puzzles. | |
| 650 | 0 | |a Rubik's Revenge. |2 sears | |
| 650 | 0 | |a Puzzles. |2 sears | |
| 710 | 2 | |a Copyright Paperback Collection (Library of Congress) |5 DLC | |
| 906 | |a 7 |b cbc |c copycat |d 2 |e ncip |f 20 |g y-genrareb | ||
| 942 | |c BK | ||
| 955 | |a he08 2009-03-25 |h he08 2009-03-25 | ||
| 999 | |c 363615 |d 363615 | ||
| 952 | |0 0 |1 0 |2 ddc |4 0 |7 3 |9 423536 |a UL |b UL |c PROC |d 2021-11-22 |e Donation -I.G.Bhaskara Panikker Family |l 0 |p G15561 |r 2021-11-22 |w 2021-11-22 |y BK | ||